| 000 | 00670nam a2200229 a 4500 | ||
|---|---|---|---|
| 999 |
_c6715 _d6715 |
||
| 001 | 6715 | ||
| 003 | BD-JhCC | ||
| 005 | 20180401170357.0 | ||
| 008 | 180128s1965 e |||| || | 001 0 eng d | ||
| 035 | _a(BD-JhCC)6715 | ||
| 040 |
_aBD-JhCC _dBD-JhCC |
||
| 041 | _aeng | ||
| 082 |
_a914.1 _bJOU 1965 |
||
| 245 |
_aJohnson's journey to the Western Islands of Scotlands and Boswell's Journal of a tour to the Hebrides with Samuel Johnson / _cR. W. Chapman, |
||
| 260 |
_aLondon : _bOxford University Press, _c1965. |
||
| 300 |
_a447 p. : _c20 cm. |
||
| 504 | _aIncludes Index | ||
| 650 | _aTravels | ||
| 650 | _aAdventure Stories | ||
| 942 |
_2ddc _cBK |
||